[Event "First Saturday FM April 2022"]
[Site "Budapest"]
[Date "2022.04.02"]
[Round "1"]
[White "Gruz, Janos"]
[Black "Szlenka, Attila"]
[Result "1/2-1/2"]
[WhiteElo "1539"]
[BlackElo "1678"]
[PlyCount "66"]
[EventDate "2022.04.02"]
[EventType "tourn"]
[EventRounds "10"]
[EventCountry "HUN"]
[SourceTitle "CBM 208 Extra"]
[Source "ChessBase"]
[SourceDate "2022.07.31"]
[SourceVersion "1"]
[SourceVersionDate "2022.07.31"]
[SourceQuality "1"]

1. d4 Nf6 2. Bg5 g6 3. Nd2 Bg7 4. Ngf3 d6 5. e4 h6 6. Bh4 Bg4 7. c3 a6 8. h3 Bd7 9. Bg3 c5 10. dxc5 dxc5 11. Bc4 Nc6 12. Qe2 0-0 13. 0-0 b5 14. Bb3 Nh5 15. Bh2 e5 16. Rad1 Qe7 17. Bd5 Rad8 18. Qe3 g5 19. g4 Nf4 20. Bxf4 exf4 21. Qe2 Ne5 22. Nxe5 Bxe5 23. f3 Be6 24. Bb3 c4 25. Bc2 Bc7 26. Kg2 Bb6 27. Rfe1 Qc5 28. e5 Qe3 29. Qxe3 Bxe3 30. Ne4 Bb6 31. Nf6+ Kg7 32. Bf5 Rxd1 33. Rxd1 Rd8 1/2-1/2

[Event "Budapest FS12 FM"]
[Site "Budapest"]
[Date "2021.12.05"]
[Round "2"]
[White "Neilooday, Raj"]
[Black "Gruz, Janos"]
[Result "1-0"]
[WhiteElo "1170"]
[BlackElo "1558"]
[PlyCount "55"]
[EventDate "2021.12.04"]
[EventType "tourn"]
[EventRounds "10"]
[EventCountry "HUN"]
[SourceTitle "CBM 205 Extra"]
[Source "ChessBase"]
[SourceDate "2022.01.31"]
[SourceVersion "1"]
[SourceVersionDate "2022.01.31"]
[SourceQuality "1"]

1. e4 d6 2. d4 Nf6 3. Nc3 g6 4. Nf3 Bg7 5. Bc4 0-0 6. 0-0 c6 7. e5 dxe5 8. dxe5 Qxd1 9. Rxd1 Ng4 10. Bf4 b5 11. Nxb5 cxb5 12. Bd5 Nd7 13. Bxa8 Ndxe5 14. Nxe5 Nxe5 15. Bxe5 Bxe5 16. c3 Bf5 17. Bc6 a6 18. Bb7 a5 19. Rd5 Bd6 20. Rxb5 Rb8 21. Bc6 Rc8 22. Bf3 a4 23. b3 Rxc3 24. bxa4 Bd7 25. Rb3 Rc4 26. a5 Rc2 27. a6 Be6 28. a7 1-0

[Event "First Saturday FM October 2021"]
[Site "Budapest"]
[Date "2021.10.05"]
[Round "4"]
[White "Gruz, Janos"]
[Black "Sovetbekova, Nurai"]
[Result "0-1"]
[WhiteElo "1578"]
[BlackElo "1597"]
[PlyCount "92"]
[EventDate "2021.10.02"]
[EventType "tourn"]
[EventRounds "10"]
[EventCountry "HUN"]
[SourceTitle "EXT 2023"]
[Source "ChessBase"]
[SourceDate "2022.10.05"]
[SourceVersion "1"]
[SourceVersionDate "2022.10.05"]
[SourceQuality "1"]

1. d4 Nf6 2. Nf3 g6 3. c4 Bg7 4. Nc3 d5 5. e3 0-0 6. Qb3 e6 7. Be2 b6 8. Bd2 c5 9. cxd5 exd5 10. dxc5 bxc5 11. Rd1 Nc6 12. 0-0 Rb8 13. Qa3 Qe7 14. Bc1 Rd8 15. Ba6 Bg4 16. Rd2 Bxf3 17. gxf3 g5 18. Rfd1 Nb4 19. Bf1 Rd6 20. Qa4 Rbd8 21. a3 Nc6 22. Nb5 R6d7 23. Qc2 a6 24. Nc3 d4 25. Ne4 Ne5 26. Bg2 g4 27. f4 Nf3+ 28. Bxf3 gxf3 29. Ng5 h6 30. Nxf3 Ne4 31. Rd3 Qe6 32. exd4 cxd4 33. Ne5 Bxe5 34. fxe5 Rd5 35. f4 Kh8 36. Rf3 Nc5 37. Qg2 Rg8 38. Rg3 Rdd8 39. Bd2 Qf5 40. Rf1 Ne4 41. Be1 Nxg3 42. hxg3 Rc8 43. Qd2 d3 44. Qe3 Rc2 45. Bc3 Kh7 46. Rd1 Rd8 0-1

[Event "Budapest Karacsonyi op 10th"]
[Site "Budapest"]
[Date "2018.12.30"]
[Round "6"]
[White "Wallis, Janos"]
[Black "Gruz, Janos"]
[Result "0-1"]
[WhiteElo "1646"]
[BlackElo "1702"]
[PlyCount "79"]
[EventDate "2018.12.27"]
[EventType "swiss"]
[EventRounds "7"]
[EventCountry "HUN"]
[SourceTitle "CBM 188 Extra"]
[Source "ChessBase"]
[SourceDate "2019.02.26"]
[SourceVersion "1"]
[SourceVersionDate "2019.02.26"]
[SourceQuality "1"]

1. e4 d6 2. d4 g6 3. Nf3 Bg7 4. Be3 c5 5. Bc4 e6 6. Nc3 Nd7 7. Qd2 a6 8. Bb3 b5 9. a3 c4 10. Ba2 Ne7 11. Rd1 Bb7 12. b3 d5 13. exd5 exd5 14. bxc4 bxc4 15. 0-0 0-0 16. Bg5 f6 17. Bf4 Nb6 18. Ne2 Bc6 19. c3 Nf5 20. Bb1 Nd6 21. Ng3 Qd7 22. Bh6 Rae8 23. h4 Ne4 24. Nxe4 dxe4 25. Nh2 Qd5 26. f3 Qh5 27. Bxg7 Kxg7 28. Qf4 Nd5 29. Qg3 e3 30. Rc1 f5 31. Rfe1 Qh6 32. Re2 Qf4 33. Nf1 Qxg3 34. Nxg3 Nf4 35. Ree1 Nd3 36. Bxd3 cxd3 37. Kf1 d2 38. Rcd1 dxe1Q+ 39. Rxe1 Bb5+ 40. c4 0-1

[Event "Budapest FS12 FM-B"]
[Site "Budapest"]
[Date "2015.12.08"]
[Round "4"]
[White "Gruz, Janos"]
[Black "Szurkos, Andras"]
[Result "1-0"]
[WhiteElo "1723"]
[BlackElo "1793"]
[PlyCount "111"]
[EventDate "2015.12.05"]
[EventType "tourn"]
[EventRounds "9"]
[EventCountry "HUN"]
[SourceTitle "CBM 170 Extra"]
[Source "ChessBase"]
[SourceDate "2016.02.25"]
[SourceVersion "1"]
[SourceVersionDate "2016.02.25"]
[SourceQuality "1"]

1. d4 d5 2. Nf3 Nf6 3. Nbd2 e6 4. e3 Bd6 5. c4 c5 6. Be2 0-0 7. 0-0 Nbd7 8. b3 cxd4 9. exd4 Qc7 10. Bb2 b6 11. Rc1 Qb8 12. Re1 Bf4 13. g3 Bh6 14. c5 bxc5 15. dxc5 Ne4 16. c6 Ndf6 17. Rc2 a5 18. Bd3 Bxd2 19. Nxd2 a4 20. Nxe4 Nxe4 21. Bxe4 dxe4 22. Qd4 f6 23. b4 e5 24. Qd5+ Kh8 25. b5 Bf5 26. Re3 Re8 27. c7 Qb6 28. Qc6 Qxc6 29. Rxc6 Bd7 30. Rc5 Ra5 31. Rec3 Bc8 32. b6 Ra8 33. Ba3 Kg8 34. Rc6 Kf7 35. Rd6 Bb7 36. Rc1 h5 37. Rd7+ Kg6 38. Rcd1 Rec8 39. Rd8 Kf5 40. h3 g6 41. Kf1 g5 42. R1d6 g4 43. h4 Ba6+ 44. Ke1 Bb7 45. Kd2 Kg6 46. Kc3 Kf7 47. Kb4 f5 48. Bc1 e3 49. Bxe3 Ke7 50. Bg5+ Kf7 51. Rf6+ Kg7 52. Rxf5 e4 53. Re5 Ra6 54. Re7+ Kg6 55. Rd6+ Kf5 56. Rf6# 1-0